Movies Quiz

Random Movies or Comic Books Quiz

Marvel Comic/MCU Comparison Quiz Stats

 Plays Quiz not verified by Sporcle

Score 0/80 Timer 15:00
4 Plays Today
% Correct
Black Panther
91%
Black Widow
91%
Iron Man
91%
Hulk
90.9%
Groot
90.7%
Ant-Man
90.6%
Nick Fury
90.6%
Thor
90.4%
Hawkeye
90.4%
Loki
90.3%
Rocket Raccoon
90.3%
Captain America
90.1%
Thanos
90.1%
Captain Marvel
90.1%
Spider-Man
90%
Vision
90%
Falcon
90%
Doctor Strange
89.9%
Iron Spider
89.9%
Scarlet Witch
89.7%
Daredevil
89.7%
Winter Soldier
89.6%
Star-Lord
89.4%
Red Skull
89.3%
Ultron
89.1%
Wasp
89%
Drax
89%
War Machine
88.8%
Gamora
88.5%
Mantis
88.1%
Quicksilver
87.9%
Nebula
87.6%
Mysterio
87.6%
Valkyrie
87.6%
Pepper Potts
86.9%
Hela
86.9%
Ghost Rider
86.1%
Killmonger
86%
Ego (Human Form)
85.5%
Punisher
85.5%
% Correct
Bucky
85.4%
Ronan the Accuser
84.8%
Luke Cage
84.8%
Yellowjacket
84.6%
Heimdall
84.2%
Yondu
84%
Jessica Jones
83.6%
Ghost
82.7%
The Ancient One
82.2%
Shuri
81.9%
Abomination
81.6%
Vulture
81%
Iron Fist
80.7%
Crossbones
80.6%
Korg
78.4%
Grandmaster
78.4%
Man-Ape
77.6%
Iron Monger
77.3%
Ronin
76.3%
Lady Sif
76%
Shocker
74.2%
Taserface
71%
Ebony Maw
70.9%
Malekith
70.1%
Baron Mordo
69.4%
Skurge the Executioner
69.1%
The Watcher
67.6%
Surtur
67.3%
Proxima Midnight
64.9%
Black Bolt
63.7%
Purple Man
62.5%
Volstagg
62.4%
Miek
56.6%
Batroc
55.8%
Quake
55.1%
Cull Obsidian
54.3%
Kurse
50.6%
Starhawk
39%
Colleen Wing
37.2%
Patriot
29.4%

You're not logged in!

Compare scores with friends on all Sporcle quizzes.
OR
Log In

Show Comments

Extras

Top Quizzes Today


Score Distribution

Your Account Isn't Verified!

In order to create a playlist on Sporcle, you need to verify the email address you used during registration. Go to your Sporcle Settings to finish the process.

Report this User

Report this user for behavior that violates our Community Guidelines.

Details: